Top 15 dei paesi con decessi Covid-19 - 27 feb 2021 - Statistics

Statistiche generali
  • Questo quiz è stato fatto 3 volte
  • Il punteggio medio è 10 su 24
Statistiche sulle risposte
paese % Corretto
Francia
100%
Germania
100%
Italia
100%
Regno Unito
100%
Russia
100%
Stati Uniti
100%
India
67%
Spagna
67%
Argentina
33%
Brasile
33%
Colombia
33%
Croazia
33%
Messico
33%
Portogallo
33%
Slovenia
33%
Belgio
0%
Bosnia ed Erzegovina
0%
Bulgaria
0%
Cechia
0%
Iran
0%
Macedonia del Nord
0%
Perù
0%
Sudafrica
0%
Ungheria
0%
Nessun quiz corrispondente trovato
Distribuzione punteggi
Percentuale di utenti per punteggio
Percentile per numero di risposta
I tuoi punteggi nel tempo
Non hai fatto questo quiz